Music Quiz

Random Music or Clip Quiz

50 Song Music Clip Quiz 26 Stats

 Plays Quiz not verified by Sporcle

Challenge
Share
Tweet
Score 0/50 Timer 14:00
2 Plays Today
Time Song Title % Correct
3:18Dancing Queen
94.1%
0:55Don't Stop Believing
92%
2:17What A Wonderful World
88.9%
4:04Footloose
87.8%
2:25Africa
86.3%
0:00American Idiot
85.8%
0:23Baby Got Back
83.4%
0:16It's Raining Men
75.5%
2:02Milkshake
74.3%
1:10All About That Bass
67.3%
1:38Let's Hear It For The Boy
57.7%
5:34When You Were Young
57.3%
0:33Glamorous
53.4%
3:27Turn Down For What
52.7%
5:18I'm So Excited
52.6%
4:29Where The Streets Have No Name
47.6%
4:52Joy To The World
46.9%
5:42Are You Lonesome Tonight?
44.1%
4:37Otherside
42.5%
3:34Smooth Operator
38.7%
2:09Budapest
38.4%
0:48Parklife
37.2%
1:20Stand By Your Man
33.9%
1:54Theme From M*A*S*H (Suicide Is Painless)
33.7%
2:32Maps
30.3%
Time Song Title % Correct
2:47I Have Nothing
29.9%
3:42Daughter
28%
2:57Dakota
25.5%
6:00I've Just Seen A Face
19.5%
6:23Road To Nowhere
18.6%
1:47Life
18.5%
1:28When It's Over
18.4%
4:43Fit But You Know It
16.5%
0:40I Write The Songs
15%
0:09Where Do You Go To (My Lovely)
14.9%
3:51The Killing Moon
14.7%
5:10The Boy From New York City
13.9%
4:21The Green Door
10.2%
3:57The Clapping Song
8.9%
3:04Bruises
6.9%
5:00Feeling A Moment
6.4%
2:39Smokestack Lightning
5.2%
6:31We Are Done
4%
6:14This Masquerade
4%
1:04Gudbuy T'Jane
3.1%
3:10Can't Give You Anything (But My Love)
2.7%
6:07All Torn Down
2.2%
5:27Playing With Knives
1.3%
4:13Moulding Of A Fool
1.1%
5:51O Vertigo!
0.7%

You're not logged in!

Compare scores with friends on all Sporcle quizzes.
Join for Free
OR
Log In

You Might Also Like...

Show Comments

Extras

Top Quizzes Today


Score Distribution

Your Account Isn't Verified!

In order to create a playlist on Sporcle, you need to verify the email address you used during registration. Go to your Sporcle Settings to finish the process.

Report this User

Report this user for behavior that violates our Community Guidelines.

Details: